000 00590cam a2200193 a 4500
001 686735
005 20240218235116.0
008 951019s1995 ce b 000 0 eng
020 _a9555800057
040 _aDLC
_cDLC
_dDLC
082 _222
_a320.
_bLIV.
100 1 _aPerera, Sasanka.
245 1 0 _aLiving with torturers and other essays of intervention :
_bSri Lankan society, culture, and politics in perspective /
_cSasanka Perera.
250 _a4th.
260 _aColombo :
_bInternational Centre for Ethnic Studies,
_c1995.
300 _aix, 89 p. ;
650 0 _aViolence
942 _cL
999 _c421
_d421